| 000 | 00915nam a2200229 a 4500 | ||
|---|---|---|---|
| 001 | 41081 | ||
| 003 | BD-RjUL | ||
| 005 | 20211209053327.0 | ||
| 008 | 160514s2001 ii ||||| |||| 00| 0 ben d | ||
| 020 |
_a8186263152 _c: IRs 150.00 |
||
| 035 | _a(BD-RjUL)41197 | ||
| 040 |
_aBD-RjUL _bben _cBD-RjUL |
||
| 041 | _aben | ||
| 082 |
_223 _a782.420954 _bBES 2001 |
||
| 245 | 0 | 0 |
_aবেশ্যাসংগীত বাইজিসংগীত / _cসম্পাদনা দেবজিত বন্দোপাধ্যায় |
| 260 |
_aকলকাতা : _bসুবর্ণরেখা, _c২০০১ |
||
| 300 |
_a২৫৫ পৃ. : _bচিত্র ; _c২১ সেমি. |
||
| 650 |
_aSongs, Bengali _9117495 |
||
| 650 |
_aগান, বাংলা _9126385 |
||
| 700 |
_aবন্দোপাধ্যায়, দেবজিত, সম্পাদনা _9126386 |
||
| 942 |
_2ddc _cBK |
||
| 999 |
_c41081 _d41081 |
||